Questions niveau 5ème - Statistiques

Statistiques générales
  • Ce quiz a été pris 180 fois
  • Le résultat moyen est 7 sur 12
Statistiques - réponses
Question Réponse % Correct
Français : Dans une phrase, quel est le rôle du complément d'objet direct (COD) ? Il complète le verbe en répondant à la question "qui ?" ou "quoi ?"
83%
Histoire-Géographie : Quel événement marque le début du Moyen Âge en Europe ? La chute de l'Empire romain d'Occident en 476
79%
Sciences et Vie de la Terre : Quel est le rôle des globules rouges dans le sang ? Ils transportent l'oxygène dans tout le corps
75%
Mathématiques : Comment appelle-t-on un triangle dont les côtés ne sont pas égaux et dont les angles ne sont pas égaux non plus Un triangle scalène
75%
Technologie : Quel est le rôle principal d’un système mécanique dans un objet technique ? Permettre le mouvement ou la transformation de l’énergie
72%
Espagnol : Quel est le verbe correct dans la phrase "Yo ____ al cine los sábados" ? voy
70%
Enseignement Moral et Civique : Quel principe fondamental de la République française garantit la parité entre tous les citoyens ? L'égalité devant la loi
65%
Sport : Quelle est la durée standard d'un match de rugby ? 80 minutes
56%
Musique : Quel est le terme utilisé pour désigner la hauteur d'un son ? La tonalité
54%
Anglais : Laquelle de ces phrases est au présent continu ? I am playing football right now
45%
Physique-Chimie : Quelle est la principale source d'énergie pour le Soleil ? La fusion nucléaire
25%
Art-Plastique : Quel mouvement artistique est associé à l’utilisation de formes géométriques simples et de couleurs vives ? Le néoplasticisme
12%
Aucun quiz correspondant
Distribution des résultats
% des personnes avec chaque résultat
Percentile par nombre de réponses
Votre historique - résultats
Vous n’avez pas pris ce quiz